Remedios milenarios : (Registro nro. 12378)

Detalles MARC
000 -LIDER
fixed length control field 01088nam a22003137a 4500
001 - NÚMERO DE CONTROL
Identificador de número de control 0011415
003 - IDENTIFICACDOR DE NÚMERO DE CONTROL
control field DO-SdBNP
005 - DATE AND TIME OF LATEST TRANSACTION
control field 20241209114211.0
007 - CAMPOS FIJOS DE DESCRIPCIÓN FÍSICA
fixed length control field 0011415
008 - ELEMENTOS DE LONGITUD FIJA
fixed length control field 160921b 2011 ur 00| 0 spa d
020 ## - ISBN
International Standard Book Number 9789974795785
040 ## - FUENTE DE CATALOGACIÓN
Agencia que crea de manera original el registro BPMSU
Idioma de catalogación spa
Agencia que realiza la transcripción BPMSU
082 #4 - NÚMERO DE CLASIFICACIÓN DECIMAL DE DEWEY
Classification number R581.634
Item number I91p 2011
Edition number 22
100 1# - ASIENTO PRINCIPAL -- NOMBRE PERSONAL
Nombre personal Itzik, Alejandro Marcelo
245 1# - MENCIÓN DE TITULO
Título Remedios milenarios :
Subtítulo las plantas que curan /
Mención de responsabilidad redacción Alejandro Marcelo Itzik ; ilustraciones especiales Ana Favazza, Pablo Olivera.
246 14 - VARIACION DEL TÍTULO
Título propiamente dicho o título corto las plantas curativas
Subtítulo Sanan desde siempre : hierbas, plantas, semillas. raíses. alimentos
260 0# - PUBLICACIÓN, DISTRIBUCIÓN, ETC. (PIE DE IMPRENTA)
Lugar de publicación, distribución, etc Montevideo, Uruguay :
Nombre del editor, distribuidor, etc. Arquetipo Grupo Editorial,
Fecha de publicación, distribución, etc 2011
300 ## - DESCRIPCIÓN FÍSICA
Extensión 360 p. :
Otros detalles físicos il.,
Dimensiones 28 cm.
590 ## - NOTA LOCAL
Texto de la nota local Inventariado, 2023/VM
650 #4 - ENCABEZAMIENTO DE MATERIA--TEMÁTICO
Término temático o nombre geográfico como elemento de entrada Plantas medicinales
650 #4 - ENCABEZAMIENTO DE MATERIA--TEMÁTICO
Término temático o nombre geográfico como elemento de entrada Botánica médica
650 #4 - ENCABEZAMIENTO DE MATERIA--TEMÁTICO
Término temático o nombre geográfico como elemento de entrada Matéria médica vegetal
650 #4 - ENCABEZAMIENTO DE MATERIA--TEMÁTICO
Término temático o nombre geográfico como elemento de entrada Plantas medicinales
Subdivisión de forma Diccionarios
700 1# - ASIENTO SECUNDARIO -- NOMBRE PERSONAL
Nombre personal Favazza, Ana
Mención de responsabilidad ilustraciones
700 1# - ASIENTO SECUNDARIO -- NOMBRE PERSONAL
Nombre personal Olivera, Pablo,
Mención de responsabilidad il.
710 2# - ASIENTO SECUNDARIO -- NOMBRE CORPORATIVO
Nombre corporativo o de jurisdicción Lexus
910 ## - VALIDACIÓN
Validación VMateo V. Control de calidad BPMSU
942 ## - ADDED ENTRY ELEMENTS (KOHA)
Source of classification or shelving scheme Dewey Decimal Classification
Koha item type Libros
Existencias
Withdrawn status Lost status Source of classification or shelving scheme Damaged status Not for loan Collection code Home library Current library Date acquired Source of acquisition Total Checkouts Full call number Barcode Date last seen Price effective from Koha item type Copy number
    Dewey Decimal Classification     Colección de Referencia General Biblioteca Pública Metropolitana Salomé Ureña Biblioteca Pública Metropolitana Salomé Ureña 12/09/2016 Compra   BPMSU R581.634 I91r 2011 BPMSU16120240 12/09/2016 12/09/2016 Libros  
    Dewey Decimal Classification     Colección de Referencia General Biblioteca Pública Metropolitana Salomé Ureña Biblioteca Pública Metropolitana Salomé Ureña 12/09/2016 Compra   BPMSU R581.634 I91r 2011 BPMSU23110001 11/02/2023 12/09/2016 Libros e.2
    Dewey Decimal Classification     Colección de Referencia General Biblioteca Pública Metropolitana Salomé Ureña Biblioteca Pública Metropolitana Salomé Ureña 12/09/2016 Compra   BPMSU R581.634 I91r 2011 BPMSU23110002 11/02/2023 12/09/2016 Libros e.3